[Event "Tata Steel India Rapid"]
[Site "Kolkata IND"]
[Date "2026.01.08"]
[Round "5.1"]
[White "Niemann, Hans Moke"]
[Black "Anand, Viswanathan"]
[Result "0-1"]
[WhiteTitle "GM"]
[BlackTitle "GM"]
[WhiteElo "2725"]
[BlackElo "2743"]
[WhiteFideId "2093596"]
[BlackFideId "5000017"]
[EventDate "2026.01.07"]

1. e4 e5 2. Nf3 Nc6 3. Bb5 a6 4. Ba4 Nf6 5. d3 Bc5 6. Bg5 h6 7. Bh4 b5 8. Bb3 d6
9. c3 Bb6 10. Nbd2 O-O 11. Nf1 g5 12. Bg3 Ne7 13. Qd2 Kg7 14. Ne3 Nh5 15. O-O-O
f5 16. exf5 Nxf5 17. d4 exd4 18. cxd4 Nxe3 19. fxe3 Bf5 20. Rhe1 Nf6 21. Bc2 Ne4
22. Qe2 Qe7 23. Rf1 Nxg3 24. hxg3 Bxc2 25. Qxc2 Qxe3+ 26. Kb1 Qe6 27. Rde1 Qf5
28. Re7+ Kg8 29. Rfe1 Qxc2+ 30. Kxc2 Rf7 31. R1e6 Rxe7 32. Rxe7 Rf8 33. Kd3 a5
34. Ke4 g4 35. Nh4 Rf2 36. Ng6 Rxb2 37. Nf4 Kf8 38. Ng6+ Kg8 39. Nf4 Rd2 40. d5
Bf2 41. Kf5 Bxg3 42. Ne6 Rf2+ 43. Kxg4 Be5 44. g3 Rf7 45. Re8+ Kh7 46. Rb8 Kg6
47. Rg8+ Kf6 48. Rh8 c5 49. Rxh6+ Ke7 50. Ng5 Rg7 51. Kf5 Bxg3 52. Rh8 Be5 53.
Rb8 b4 54. Ra8 Kd7 55. Rxa5 Kc8 56. Ra6 Kb7 57. Rc6 Rc7 58. Rxc7+ Kxc7 59. Ke4
c4 60. Nf7 Kb6 61. Nd8 Kb5 62. Nc6 Bh8 63. Nd8 Bf6 64. Nf7 Kc5 65. Nh6 b3 66.
axb3 cxb3 67. Kd3 Kb4 68. Nf5 Be5 69. Ne3 Ka3 70. Nc4+ Ka2 71. Nd2 Bf4 72. Ne4
b2 73. Nc3+ Kb3 74. Nb1 Bh6 75. Nc3 Be3 76. Nb1 Bg5 77. Nc3 Bd8 78. Nb1 Ba5 0-1

[Event "Tata Steel India Rapid"]
[Site "Kolkata IND"]
[Date "2026.01.08"]
[Round "5.2"]
[White "Aravindh, Chithambaram VR."]
[Black "So, Wesley"]
[Result "0-1"]
[WhiteTitle "GM"]
[BlackTitle "GM"]
[WhiteElo "2700"]
[BlackElo "2753"]
[WhiteFideId "5072786"]
[BlackFideId "5202213"]
[EventDate "2026.01.07"]

1. e4 c5 2. Nf3 d6 3. d4 cxd4 4. Qxd4 Nf6 5. Nc3 Nc6 6. Bb5 Nd7 7. Bxc6 bxc6 8.
e5 Qb6 9. exd6 exd6 10. Bf4 Qxd4 11. Nxd4 Bb7 12. O-O-O O-O-O 13. Rhe1 Nf6 14.
Nf5 d5 15. Bg5 Kc7 16. Rd3 Re8 17. Rde3 Rxe3 18. Rxe3 Bc8 19. Bxf6 gxf6 20. Rf3
Rg8 21. g3 Rg5 22. Nd4 Bh6 23. Kb1 Re5 24. b4 f5 25. Kb2 Bd7 26. a3 f4 27. Rd3
Rh5 28. h4 fxg3 29. fxg3 Re5 30. b5 f5 31. a4 a6 32. bxc6 Bxc6 33. Kb3 Kd6 34.
Nce2 Bd7 35. Rf3 Re3+ 36. c3 Ke5 37. Rf2 Ke4 38. Nf4 Rxg3 39. Nh5 Rg6 40. Re2+
Kd3 41. Re7 Rb6+ 42. Ka2 Bxa4 43. Nxf5 Bb3+ 44. Ka1 Bd2 0-1

[Event "Tata Steel India Rapid"]
[Site "Kolkata IND"]
[Date "2026.01.08"]
[Round "5.4"]
[White "Erigaisi, Arjun"]
[Black "Wei, Yi"]
[Result "1-0"]
[WhiteTitle "GM"]
[BlackTitle "GM"]
[WhiteElo "2775"]
[BlackElo "2754"]
[WhiteFideId "35009192"]
[BlackFideId "8603405"]
[EventDate "2026.01.07"]

1. d4 Nf6 2. c4 e6 3. Nf3 d5 4. Nc3 c5 5. cxd5 cxd4 6. Nxd4 Nxd5 7. Bd2 Be7 8.
e3 O-O 9. Be2 Nxc3 10. Bxc3 e5 11. Nb5 Nc6 12. Qxd8 Rxd8 13. O-O Bf5 14. Rfd1
Bc2 15. Rdc1 Bd3 16. Bxd3 Rxd3 17. a4 Rad8 18. Kf1 f5 19. Ke2 Kf7 20. Na3 Ke6
21. Nc4 g5 22. h3 e4 23. Nd2 Bf6 24. Nb3 Bxc3 25. Rxc3 Rxc3 26. bxc3 Kf6 27. Nd4
Rc8 28. Nxc6 Rxc6 29. Kd2 b6 30. Kc2 Ke5 31. Rb1 Rc5 32. h4 h6 33. hxg5 hxg5 34.
Rh1 Ra5 35. Kb3 Rd5 36. Kc2 Ra5 37. Kb3 Rd5 38. Kc2 f4 39. exf4+ Kxf4 40. Rh7
Ra5 41. Kb3 Kg4 42. Re7 Kf4 43. c4 g4 44. Kb4 Kf5 45. g3 Re5 46. Rf7+ Kg5 47.
Rg7+ Kf5 48. Rf7+ Kg6 49. Rxa7 e3 50. fxe3 Rxe3 51. Ra6 Kf5 52. Rxb6 Rxg3 53. a5
Rg1 54. a6 g3 55. a7 Rb1+ 56. Kc5 Ra1 57. Rb7 Kf6 58. Rb3 g2 59. Rg3 Rxa7 60.
Rxg2 Rc7+ 61. Kd5 Ra7 62. c5 Ra6 63. Re2 1-0

[Event "Tata Steel India Rapid"]
[Site "Kolkata IND"]
[Date "2026.01.08"]
[Round "5.5"]
[White "Murzin, Volodar"]
[Black "Nihal, Sarin"]
[Result "0-1"]
[WhiteTitle "GM"]
[BlackTitle "GM"]
[WhiteElo "2652"]
[BlackElo "2716"]
[WhiteFideId "44155573"]
[BlackFideId "25092340"]
[EventDate "2026.01.07"]

1. e4 c5 2. Nf3 d6 3. Bb5+ Nd7 4. Ba4 Nf6 5. O-O e6 6. d3 Be7 7. c4 O-O 8. Nc3
b6 9. h3 Bb7 10. Kh1 a6 11. Qe2 Nb8 12. d4 cxd4 13. Nxd4 Qc7 14. Bd2 Nc6 15. Nc2
Ne5 16. b3 b5 17. cxb5 Nxe4 18. Nxe4 Qxc2 19. Ng3 Nd3 20. Be3 Qxe2 21. Nxe2 Rfc8
22. b6 g6 23. Rab1 Nb4 24. Rfc1 Nd5 25. Bd7 Rcb8 26. Nc3 Nxe3 27. fxe3 Bd8 28.
Na4 a5 29. Rc3 Be4 30. Rd1 Bxb6 31. Rxd6 Ba7 32. Ra6 Rd8 33. Rd6 Bb8 34. Rd2 Ra7
35. Nc5 Be5 36. Rc1 Rc7 37. a3 Bd5 38. Ba4 Rb8 39. Rcc2 Rbc8 40. Bd7 Bxb3 41.
Bxc8 Bxc2 42. Nd7 Bg3 43. Nf6+ Kf8 44. Ba6 Bd3 0-1

[Event "Tata Steel India Rapid"]
[Site "Kolkata IND"]
[Date "2026.01.08"]
[Round "6.1"]
[White "Nihal, Sarin"]
[Black "Vidit, Santosh Gujrathi"]
[Result "1-0"]
[WhiteTitle "GM"]
[BlackTitle "GM"]
[WhiteElo "2716"]
[BlackElo "2708"]
[WhiteFideId "25092340"]
[BlackFideId "5029465"]
[EventDate "2026.01.07"]

1. d4 Nf6 2. Nf3 d5 3. c4 e6 4. g3 Be7 5. Bg2 O-O 6. O-O c6 7. Nbd2 b6 8. b3 Bb7
9. Bb2 Nbd7 10. Qc2 Rc8 11. Rad1 c5 12. Qb1 dxc4 13. Nxc4 Be4 14. Qa1 Qc7 15.
dxc5 Bxc5 16. Nfe5 Bxg2 17. Kxg2 Nxe5 18. Bxe5 Qb7+ 19. f3 Ne8 20. Bd4 b5 21.
Bxc5 Rxc5 22. Ne5 Nf6 23. Rc1 Rfc8 24. Rxc5 Rxc5 25. Rc1 Qc7 26. Rxc5 Qxc5 27.
Nd3 Qc2 28. Qe5 Nd7 29. Nb4 Nxe5 30. Nxc2 Nc6 31. Kf2 Kf8 32. Ke3 a6 33. Nd4 Nb4
34. a3 Nd5+ 35. Ke4 Ke7 36. Nf5+ Kf6 37. Kd4 b4 38. axb4 Nxb4 39. Ne3 Ke7 40.
Kc4 Nc6 41. Kc5 Kd7 42. Nc4 f6 43. f4 h6 44. e4 g5 45. f5 Na7 46. Nd6 exf5 47.
exf5 Nc6 48. Ne4 Ne5 49. Nxf6+ Ke7 50. Ng8+ Kf7 51. Nxh6+ Kf6 52. Kd5 Nd3 53.
Kd4 Nf2 54. b4 Kg7 55. Ke3 Nd1+ 56. Kd2 Nf2 57. Ke2 Ne4 58. Ng4 Nd6 59. Ne3 Kf6
60. Kd3 Nb5 61. g4 Ke5 62. Nc4+ Kd5 63. h3 Nc7 64. Nd2 Ke5 65. Nf3+ Kf4 66. Nd4
Kg3 67. f6 1-0

[Event "Tata Steel India Rapid"]
[Site "Kolkata IND"]
[Date "2026.01.08"]
[Round "6.2"]
[White "Wei, Yi"]
[Black "Niemann, Hans Moke"]
[Result "0-1"]
[WhiteTitle "GM"]
[BlackTitle "GM"]
[WhiteElo "2754"]
[BlackElo "2725"]
[WhiteFideId "8603405"]
[BlackFideId "2093596"]
[EventDate "2026.01.07"]

1. d4 Nf6 2. c4 e6 3. Nf3 d5 4. Nc3 c6 5. e3 Nbd7 6. Qc2 b6 7. b3 Bb7 8. Bb2 Bd6
9. Bd3 O-O 10. O-O Re8 11. Rad1 c5 12. cxd5 exd5 13. Bf5 Rc8 14. dxc5 Rxc5 15.
Qe2 Ne5 16. Nd4 g6 17. Bh3 Ne4 18. Ncb5 Bf8 19. Nxa7 Ng5 20. Bg4 Ra5 21. f4 Nxg4
22. Qxg4 Rxa7 23. fxg5 Rxa2 24. Bc3 Bg7 25. Qf4 Qe7 26. Rf3 Be5 27. Qh4 Rc8 28.
Be1 Ba6 29. Rh3 f5 30. Bb4 Qg7 31. Qe1 Qd7 32. Nf3 Bh8 33. Nd4 Qe8 34. Qh4 Rc7
35. Nxf5 gxf5 36. g6 Be5 37. gxh7+ Kh8 38. Qh6 Rg7 39. g3 d4 40. Qxb6 Qa8 41. e4
fxe4 42. Rc1 e3 0-1

[Event "Tata Steel India Rapid"]
[Site "Kolkata IND"]
[Date "2026.01.08"]
[Round "6.3"]
[White "Anand, Viswanathan"]
[Black "Murzin, Volodar"]
[Result "1-0"]
[WhiteTitle "GM"]
[BlackTitle "GM"]
[WhiteElo "2743"]
[BlackElo "2652"]
[WhiteFideId "5000017"]
[BlackFideId "44155573"]
[EventDate "2026.01.07"]

1. e4 c5 2. Nf3 d6 3. d4 cxd4 4. Nxd4 Nf6 5. Nc3 a6 6. Be3 e5 7. Nf3 Be7 8. Bc4
O-O 9. O-O Be6 10. Bb3 Qc7 11. Bg5 Nbd7 12. Qe2 Rfc8 13. Rfd1 b5 14. a3 Qc6 15.
Bxf6 Nxf6 16. Nd5 Bxd5 17. Rxd5 Rab8 18. Rd2 a5 19. c3 Rc7 20. Re1 Qb6 21. g3
Nd7 22. Ra1 Nc5 23. Bd5 Ra7 24. Rdd1 g6 25. Ne1 Kg7 26. Nc2 Rf8 27. Rab1 Nd7 28.
h4 Nf6 29. Kg2 Rc7 30. Ne3 h5 31. Bb3 Rc5 32. Qf3 Qb7 33. Nd5 Nxd5 34. Rxd5 Rc7
35. Rbd1 Qc6 36. Qe2 Rb8 37. R1d3 Qe8 38. g4 hxg4 39. Qxg4 Qc8 40. Qe2 Qh8 41.
Rh3 Qh6 42. h5 Rh8 43. Rdd3 gxh5 44. Rdg3+ Kf8 45. Qxb5 Bd8 46. Qxa5 h4 47. Qd5
Rh7 48. Qd1 Rb7 49. Rg4 Rg7 50. Rxg7 Qxg7+ 51. Kh2 Qg6 52. Rf3 Bg5 53. Bd5 Re7
54. Rf5 h3 55. Qg4 f6 56. a4 Rh7 57. Rf3 Rh4 58. Qc8+ Ke7 59. Qe6+ Kf8 60. Qxd6+
Ke8 61. Qe6+ Kf8 62. Rxh3 Bf4+ 63. Kh1 1-0

[Event "Tata Steel India Rapid"]
[Site "Kolkata IND"]
[Date "2026.01.08"]
[Round "6.4"]
[White "So, Wesley"]
[Black "Praggnanandhaa, R"]
[Result "1/2-1/2"]
[WhiteTitle "GM"]
[BlackTitle "GM"]
[WhiteElo "2753"]
[BlackElo "2758"]
[WhiteFideId "5202213"]
[BlackFideId "25059530"]
[EventDate "2026.01.07"]

1. e4 e6 2. d4 d5 3. exd5 exd5 4. Nf3 Bd6 5. c4 Nf6 6. c5 Be7 7. Nc3 O-O 8. Bd3
b6 9. cxb6 axb6 10. O-O Bg4 11. h3 Bh5 12. g4 Bg6 13. Ne5 c5 14. Bb5 cxd4 15.
Nxg6 fxg6 16. Qxd4 Bc5 17. Qd3 Nbd7 18. Bf4 Kh8 19. Bg3 d4 20. Na4 Nd5 21. Rae1
Nf4 22. Bxf4 Rxf4 23. Re4 Rxe4 24. Qxe4 Nf6 25. Qf3 h6 26. Re1 Bd6 27. h4 Ra5
28. Qc6 d3 29. Nc3 d2 30. Re6 Bc5 31. Be2 Rxa2 32. g5 Ra1+ 33. Kg2 Qd4 34. gxf6
Qxf2+ 35. Kh3 Qf5+ 36. Bg4 Qf1+ 37. Qg2 Qd3+ 38. Qf3 1/2-1/2

[Event "Tata Steel India Rapid"]
[Site "Kolkata IND"]
[Date "2026.01.08"]
[Round "6.5"]
[White "Aravindh, Chithambaram VR."]
[Black "Erigaisi, Arjun"]
[Result "1/2-1/2"]
[WhiteTitle "GM"]
[BlackTitle "GM"]
[WhiteElo "2700"]
[BlackElo "2775"]
[WhiteFideId "5072786"]
[BlackFideId "35009192"]
[EventDate "2026.01.07"]

1. e4 e5 2. Nf3 Nc6 3. Bc4 Bc5 4. c3 Nf6 5. d3 d6 6. Bg5 h6 7. Bh4 a5 8. Nbd2
Ba7 9. O-O g5 10. Bg3 O-O 11. a4 Kh8 12. Bb3 Bg4 13. h3 Bh5 14. Nc4 Rg8 15. Ne3
Bxe3 16. fxe3 g4 17. hxg4 Rxg4 18. Qe1 Qg8 19. Nh4 Nxe4 20. dxe4 Rxg3 21. Rf6
Qg5 22. Rxh6+ Qxh6 23. Qxg3 Rg8 24. Qf2 Ne7 25. Rf1 b6 26. Bc4 Rg4 27. Be2 Rg7
28. Bxh5 Qxh5 29. Qf6 Ng8 30. Qd8 Qg4 31. Rf2 f6 32. Nf5 Rh7 33. Qa8 Qd1+ 34.
Rf1 Qxa4 35. Ng3 Qc2 36. Rxf6 Qc1+ 37. Nf1 Qxb2 38. Rg6 Qa2 39. Qd8 Qf7 40.
Rxg8+ Qxg8 41. Qf6+ 1/2-1/2

[Event "Tata Steel India Rapid"]
[Site "Kolkata IND"]
[Date "2026.01.09"]
[Round "7.1"]
[White "Erigaisi, Arjun"]
[Black "So, Wesley"]
[Result "1/2-1/2"]
[WhiteTitle "GM"]
[BlackTitle "GM"]
[WhiteElo "2775"]
[BlackElo "2753"]
[WhiteFideId "35009192"]
[BlackFideId "5202213"]
[EventDate "2026.01.07"]

1. d4 Nf6 2. Nf3 d5 3. Bg5 Ne4 4. Bf4 c5 5. Nbd2 Nc6 6. Nxe4 dxe4 7. d5 Nb4 8.
c3 Nxd5 9. Qa4+ Bd7 10. Qxe4 Nxf4 11. Qxf4 Qb8 12. Qxb8+ Rxb8 13. Ne5 g6 14.
Nxd7 Kxd7 15. O-O-O+ Kc7 16. e3 Bg7 17. h4 h5 18. a4 Rbd8 19. Bc4 e6 20. Kc2
Rxd1 21. Rxd1 Rd8 22. Ra1 Bf6 23. g3 g5 24. hxg5 Bxg5 25. Rh1 Rh8 26. f4 Bf6 27.
Rh3 Kd7 28. Kd3 Ke7 29. Ke4 Bg7 30. Be2 Rd8 31. Rxh5 Rd2 32. Rxc5 Rxe2 33. Rc7+
Ke8 34. Rxb7 Rd2 35. g4 a5 36. g5 Bf8 37. Rb8+ Ke7 38. b4 Bg7 39. Rb7+ Kf8 40.
Rc7 Ra2 41. b5 Rxa4+ 42. Kd3 Bxc3 43. Kxc3 Rb4 44. Rb7 Kg7 45. b6 Kg6 46. Kd3 a4
47. Kc3 Rb1 48. Ra7 Rxb6 49. Rxa4 e5 50. Kd3 1/2-1/2

[Event "Tata Steel India Rapid"]
[Site "Kolkata IND"]
[Date "2026.01.09"]
[Round "7.2"]
[White "Praggnanandhaa, R"]
[Black "Nihal, Sarin"]
[Result "1/2-1/2"]
[WhiteTitle "GM"]
[BlackTitle "GM"]
[WhiteElo "2758"]
[BlackElo "2716"]
[WhiteFideId "25059530"]
[BlackFideId "25092340"]
[EventDate "2026.01.07"]

1. e4 e5 2. d3 Nc6 3. f4 d5 4. exd5 Qxd5 5. Nc3 Bb4 6. Bd2 Qe6 7. fxe5 Qxe5+ 8.
Qe2 Nf6 9. Nf3 Qxe2+ 10. Bxe2 Bd7 11. O-O-O O-O-O 12. Rde1 h6 13. a3 Bd6 14. Bd1
a6 15. h3 Rde8 16. g4 Ne5 17. Nxe5 Bxe5 18. Bf3 Bd6 19. Ref1 Re7 20. Rhg1 Be6
21. h4 Ree8 22. g5 hxg5 23. hxg5 Nd7 24. Bg4 Bxg4 25. Rxg4 f6 26. Rg2 fxg5 27.
Ne4 Be5 28. Nxg5 Rhf8 29. Rh1 Nc5 30. Kb1 Rf5 31. Re1 Rd8 32. Rxe5 Rxe5 33. Nf7
Rf5 34. Nxd8 Kxd8 35. Rxg7 Rf1+ 36. Ka2 Ne6 37. Rg2 Kd7 38. b3 b5 39. Kb2 c5 40.
Rh2 Rf7 41. Rh4 Rf2 42. Be3 Re2 43. Re4 Rg2 44. b4 cxb4 45. axb4 Re2 46. Kc1 Nc7
47. Kd1 Rg2 48. Re5 Rg4 49. Bc5 Kc6 50. Bf8 Nd5 51. Re6+ Kb7 52. Bc5 Nxb4 53.
Rd6 Rh4 54. Kc1 Nc6 55. Rd7+ Kc8 56. Rg7 Rh6 57. Kb2 Ne5 58. Be3 Rg6 59. Rh7 Re6
60. Bf4 Nd7 61. Kb3 Rf6 62. Be3 Rf3 63. Re7 Rf5 64. Bd4 a5 65. Re6 Kb7 66. Rd6
Nc5+ 67. Ka2 b4 68. Kb2 a4 69. Be3 Re5 70. Bd2 a3+ 71. Ka2 b3+ 72. Kxa3 bxc2 73.
Kb2 Kc7 74. Rd4 Re2 75. Kxc2 Rxd2+ 76. Kxd2 Nb3+ 77. Kc3 Nxd4 78. Kxd4 Kd6 79.
Ke4 Ke6 80. d4 Kd6 81. d5 Kd7 82. d6 Kxd6 1/2-1/2

[Event "Tata Steel India Rapid"]
[Site "Kolkata IND"]
[Date "2026.01.09"]
[Round "7.3"]
[White "Niemann, Hans Moke"]
[Black "Aravindh, Chithambaram VR."]
[Result "1-0"]
[WhiteTitle "GM"]
[BlackTitle "GM"]
[WhiteElo "2725"]
[BlackElo "2700"]
[WhiteFideId "2093596"]
[BlackFideId "5072786"]
[EventDate "2026.01.07"]

1. e4 c5 2. Nf3 d6 3. d4 cxd4 4. Nxd4 Nf6 5. Nc3 Nc6 6. Bg5 e6 7. Qd2 a6 8.
O-O-O Bd7 9. f3 Nxd4 10. Qxd4 Bc6 11. Kb1 h6 12. Be3 d5 13. exd5 Nxd5 14. Nxd5
Qxd5 15. Qxd5 Bxd5 16. c4 Bc6 17. Bd3 h5 18. h3 O-O-O 19. Bb6 Rd7 20. a3 Bd6 21.
Bc2 Bc7 22. Rxd7 Kxd7 23. Be3 Kc8 24. b4 b5 25. c5 Rd8 26. Rd1 Bd5 27. Bd4 Kb7
28. Bc3 Kc6 29. Bd3 Bf4 30. Kb2 f5 31. a4 Bc4 32. Be4+ Kc7 33. Rxd8 Kxd8 34. Bc6
h4 35. Bxg7 Kc7 36. axb5 axb5 37. Be8 Bf1 38. Bf6 Bg3 39. f4 Bxf4 40. Bxh4 Bxg2
41. Bxb5 Bxh3 42. Bc4 e5 43. Bd5 Bf1 44. Kb3 Be3 45. Be7 Bd4 46. Ka4 Kd7 47. Bf8
e4 48. b5 e3 49. b6 Be5 50. c6+ Kc8 51. Be7 f4 52. Be6+ Kb8 53. Bd8 Ba6 54. c7+
Bxc7 55. bxc7+ Ka7 56. c8=Q 1-0

[Event "Tata Steel India Rapid"]
[Site "Kolkata IND"]
[Date "2026.01.09"]
[Round "7.4"]
[White "Vidit, Santosh Gujrathi"]
[Black "Anand, Viswanathan"]
[Result "1/2-1/2"]
[WhiteTitle "GM"]
[BlackTitle "GM"]
[WhiteElo "2708"]
[BlackElo "2743"]
[WhiteFideId "5029465"]
[BlackFideId "5000017"]
[EventDate "2026.01.07"]

1. e4 e5 2. Nf3 Nc6 3. Bb5 a6 4. Ba4 Nf6 5. O-O Nxe4 6. d4 b5 7. Bb3 d5 8. dxe5
Be6 9. c3 Be7 10. h3 O-O 11. Bc2 Qd7 12. Nbd2 f5 13. exf6 Nxf6 14. Re1 Bd6 15.
Nf1 Ne4 16. Ng5 Nxg5 17. Bxg5 Kh8 18. Bh4 Bg8 19. Bg3 Rad8 20. Qh5 d4 21. Rad1
dxc3 22. bxc3 Qf7 23. Qxf7 Bxf7 24. Bxd6 cxd6 25. Ne3 Bxa2 26. Ra1 Bg8 27. Rxa6
Rc8 28. Rb1 Ne5 29. Rxb5 Nc4 30. Nf5 Rce8 31. Ra1 Re2 32. Bd3 Rd2 33. Bf1 Ne5
34. Nxd6 Nf3+ 35. gxf3 Rxd6 36. Rg5 Rc6 37. Rc1 Rfc8 38. Bd3 Rxc3 39. Rxc3 Rxc3
40. Be4 g6 41. h4 Kg7 42. Kg2 Kf6 43. Ra5 Rc7 44. Kg3 Bf7 45. Kf4 Re7 46. Ra6+
Kg7 47. Rb6 Be8 48. Ke3 Bf7 49. Rd6 Kh6 50. Kf4 Be8 51. Rb6 Bf7 52. Kg3 Be8 53.
Rb4 Bf7 54. f4 Be6 55. f3 Rf7 56. Rb6 Bf5 57. Rb5 Rf8 58. Rb7 Rf6 59. Re7 Re6
60. Rxe6 Bxe6 1/2-1/2

[Event "Tata Steel India Rapid"]
[Site "Kolkata IND"]
[Date "2026.01.09"]
[Round "7.5"]
[White "Murzin, Volodar"]
[Black "Wei, Yi"]
[Result "1-0"]
[WhiteTitle "GM"]
[BlackTitle "GM"]
[WhiteElo "2652"]
[BlackElo "2754"]
[WhiteFideId "44155573"]
[BlackFideId "8603405"]
[EventDate "2026.01.07"]

1. d4 Nf6 2. Nf3 g6 3. g3 Bg7 4. Bg2 d6 5. O-O O-O 6. c4 Bf5 7. Nc3 Ne4 8. Qb3
Nxc3 9. bxc3 Be4 10. Ne1 Bxg2 11. Nxg2 Qc8 12. Rb1 b6 13. e4 c5 14. d5 Nd7 15.
Ne3 Ne5 16. Qd1 h5 17. Rb3 Ng4 18. Ng2 f5 19. Qe2 fxe4 20. Qxe4 Qf5 21. Qxf5
gxf5 22. Bf4 Ne5 23. Bxe5 Bxe5 24. Nh4 f4 25. Ng6 fxg3 26. Nxf8 gxh2+ 27. Kh1
Rxf8 28. f4 Bxf4 29. Ra3 a5 30. Rb3 Be5 31. Rxf8+ Kxf8 32. Rxb6 Bxc3 33. Rb3 Be5
34. Ra3 e6 35. dxe6 Ke7 36. Rxa5 Kxe6 37. a4 d5 38. Rxc5 dxc4 39. a5 Bb8 40.
Rxc4 Kd7 41. a6 Kd8 42. Rf4 1-0

[Event "Tata Steel India Rapid"]
[Site "Kolkata IND"]
[Date "2026.01.09"]
[Round "8.1"]
[White "Wei, Yi"]
[Black "Vidit, Santosh Gujrathi"]
[Result "1/2-1/2"]
[WhiteTitle "GM"]
[BlackTitle "GM"]
[WhiteElo "2754"]
[BlackElo "2708"]
[WhiteFideId "8603405"]
[BlackFideId "5029465"]
[EventDate "2026.01.07"]

1. d4 Nf6 2. c4 e6 3. Nc3 Bb4 4. a3 Bxc3+ 5. bxc3 b6 6. f3 Nc6 7. e4 Na5 8. Bg5
h6 9. Bh4 d6 10. Bd3 g5 11. Bf2 Ba6 12. Ne2 Qd7 13. c5 Bxd3 14. Qxd3 dxc5 15.
O-O Qa4 16. dxc5 Qc4 17. Qd4 Qxd4 18. Bxd4 Ke7 19. f4 Nxe4 20. cxb6 Rhc8 21.
bxc7 Nb3 22. Rad1 Rxc7 23. Be5 Rc4 24. fxg5 hxg5 25. Ng3 f5 26. Rfe1 Nbc5 27.
Nf1 Nd7 28. Bd4 Rc6 29. g4 Kf7 30. gxf5 exf5 31. Ne3 Ke6 32. Rb1 a6 33. Rb7 Ne5
34. Bxe5 Kxe5 35. Re7+ Re6 36. Nxf5 Rxe7 37. Nxe7 Re8 38. Nc6+ Kf4 39. Nb4 Rd8
40. c4 Rd2 41. Nd5+ Kf5 42. Ne7+ Kf4 43. Nd5+ Kf5 44. Rf1+ Ke5 45. Ne3 Kd4 46.
Re1 Nc3 47. Ng4 Kxc4 48. Re5 Ne2+ 49. Kf1 Nd4 50. Rxg5 Nf3 51. Rh5 Kd4 52. Rh6
Ra2 53. Rd6+ Kc5 54. Rxa6 Nxh2+ 55. Nxh2 Rxh2 56. Rf6 Ra2 57. Rf2 Rxa3 58. Kg2
Rd3 59. Rf3 Rxf3 60. Kxf3 1/2-1/2

[Event "Tata Steel India Rapid"]
[Site "Kolkata IND"]
[Date "2026.01.09"]
[Round "8.2"]
[White "Aravindh, Chithambaram VR."]
[Black "Murzin, Volodar"]
[Result "0-1"]
[WhiteTitle "GM"]
[BlackTitle "GM"]
[WhiteElo "2700"]
[BlackElo "2652"]
[WhiteFideId "5072786"]
[BlackFideId "44155573"]
[EventDate "2026.01.07"]

1. e4 c6 2. d4 d5 3. exd5 cxd5 4. c3 Nf6 5. Nf3 g6 6. Bd3 Bg7 7. O-O O-O 8. Re1
Bf5 9. Bxf5 gxf5 10. Ne5 Nc6 11. Nd3 Kh8 12. Nd2 e6 13. Nf3 Ne4 14. Nfe5 Bxe5
15. dxe5 Qe7 16. Be3 b6 17. Qa4 Rac8 18. f3 Nc5 19. Nxc5 bxc5 20. h4 c4 21. Bg5
Qc5+ 22. Kh2 h6 23. Bxh6 Qf2 24. Bg5 Rg8 25. Rf1 Qxb2 26. Rab1 Qxc3 27. f4 Rxg5
28. hxg5 Kg7 29. Rf3 Qd4 30. Kg3 Qe4 31. Rb7 Qe1+ 32. Kh2 Rh8+ 33. Rh3 Rxh3+ 34.
Kxh3 Qh1+ 35. Kg3 Qe1+ 36. Kh3 Qe3+ 37. g3 Qg1 38. Rb2 Nd4 39. Qxa7 Qh1+ 40. Rh2
Qf1+ 41. Rg2 Nf3 42. g4 Ne1 43. Qf2 fxg4+ 0-1

[Event "Tata Steel India Rapid"]
[Site "Kolkata IND"]
[Date "2026.01.09"]
[Round "8.3"]
[White "Anand, Viswanathan"]
[Black "Praggnanandhaa, R"]
[Result "1/2-1/2"]
[WhiteTitle "GM"]
[BlackTitle "GM"]
[WhiteElo "2743"]
[BlackElo "2758"]
[WhiteFideId "5000017"]
[BlackFideId "25059530"]
[EventDate "2026.01.07"]

1. e4 Nf6 2. e5 Nd5 3. d4 d6 4. Nf3 g6 5. c4 Nb6 6. exd6 cxd6 7. Be2 Bg7 8. Nc3
O-O 9. O-O Nc6 10. h3 h6 11. Be3 e5 12. dxe5 dxe5 13. Qxd8 Rxd8 14. Rad1 Nd4 15.
Nxd4 exd4 16. Nb5 Be6 17. Bxd4 Bxd4 18. Nxd4 Bxc4 19. Bxc4 Nxc4 20. b3 Na3 21.
Nf3 Nb5 22. Rxd8+ Rxd8 23. Rc1 Rd7 24. Kf1 Kg7 25. Ke2 Kf6 26. Rc4 Nc7 27. g3
Ne6 28. h4 Rd5 29. Ke3 Ra5 30. a4 Rc5 31. Kd3 Rd5+ 32. Ke3 Rc5 33. Kd3 Rd5+ 1/2-1/2

[Event "Tata Steel India Rapid"]
[Site "Kolkata IND"]
[Date "2026.01.09"]
[Round "8.4"]
[White "So, Wesley"]
[Black "Nihal, Sarin"]
[Result "0-1"]
[WhiteTitle "GM"]
[BlackTitle "GM"]
[WhiteElo "2753"]
[BlackElo "2716"]
[WhiteFideId "5202213"]
[BlackFideId "25092340"]
[EventDate "2026.01.07"]

1. e4 e5 2. Nc3 Nf6 3. d4 exd4 4. Qxd4 Nc6 5. Qd3 Bc5 6. Qg3 O-O 7. Bh6 Nh5 8.
Qf3 Qh4 9. Be3 Ne5 10. Qe2 Nf4 11. Bxf4 Qxf4 12. g3 Qh6 13. f4 Bxg1 14. Rxg1 Qb6
15. O-O-O Qxg1 16. Nd5 Nc6 17. e5 Qc5 18. Nf6+ gxf6 19. Qg4+ Kh8 20. Bd3 Nxe5
21. fxe5 Qxe5 22. Qh3 Qg5+ 23. Kb1 h6 0-1

[Event "Tata Steel India Rapid"]
[Site "Kolkata IND"]
[Date "2026.01.09"]
[Round "8.5"]
[White "Erigaisi, Arjun"]
[Black "Niemann, Hans Moke"]
[Result "1-0"]
[WhiteTitle "GM"]
[BlackTitle "GM"]
[WhiteElo "2775"]
[BlackElo "2725"]
[WhiteFideId "35009192"]
[BlackFideId "2093596"]
[EventDate "2026.01.07"]

1. Nf3 Nf6 2. c4 c5 3. Nc3 Nc6 4. d4 cxd4 5. Nxd4 e6 6. Bf4 d5 7. cxd5 Nxd5 8.
Nxc6 bxc6 9. Bd2 Bb4 10. a3 Bxc3 11. bxc3 O-O 12. e4 Nf6 13. Qc2 e5 14. Be2 Be6
15. Be3 Qa5 16. O-O Rab8 17. c4 Rfd8 18. h3 h6 19. Rfc1 Rd7 20. Bd3 Nh5 21. Qc3
Qxc3 22. Rxc3 Nf4 23. Bf1 Rb2 24. Re1 a5 25. Kh2 g5 26. g3 Nh5 27. Bd3 Nf6 28.
Bc2 Rd4 29. Bc1 Rb7 30. c5 Nd7 31. Be3 Rb2 32. Rb1 Rxc2 33. Rxc2 Rxe4 34. Rd2
Nf6 35. Rd6 Nd5 36. Re1 Ne7 37. Bd2 Ra4 38. Bc3 e4 39. Bf6 Nd5 40. Bb2 e3 41.
fxe3 Rc4 42. Rd8+ Kh7 43. Rh8+ Kg6 44. Rg8+ Kh5 45. Re2 Nxe3 46. Rxe3 Rc2+ 47.
Kg1 Rxb2 48. g4+ Bxg4 49. hxg4+ Kxg4 50. Rc8 Rc2 51. Rxc6 h5 52. Rf6 Rc1+ 53.
Kg2 h4 54. Re4+ Kh5 55. c6 Rc2+ 56. Kg1 h3 57. Rxf7 g4 58. Rh7+ 1-0

[Event "Tata Steel India Rapid"]
[Site "Kolkata IND"]
[Date "2026.01.09"]
[Round "9.1"]
[White "Nihal, Sarin"]
[Black "Anand, Viswanathan"]
[Result "1/2-1/2"]
[WhiteTitle "GM"]
[BlackTitle "GM"]
[WhiteElo "2716"]
[BlackElo "2743"]
[WhiteFideId "25092340"]
[BlackFideId "5000017"]
[EventDate "2026.01.07"]

1. e4 e5 2. Nf3 Nc6 3. Nc3 Nf6 4. d4 exd4 5. Nxd4 Bb4 6. Nxc6 bxc6 7. Bd3 d5 8.
exd5 O-O 9. O-O cxd5 10. h3 c6 11. Qf3 Bd6 12. Bf4 Bxf4 13. Qxf4 Be6 14. Na4 Qa5
15. b3 c5 16. Rad1 c4 17. Bf5 Rfe8 18. Bxe6 Rxe6 19. Qd2 Qxd2 20. Rxd2 Rc8 21.
Rfd1 h6 22. f3 g5 23. Kf2 Kg7 24. Rd4 cxb3 25. cxb3 Rc2+ 1/2-1/2